000 00671cab a2200193 4500
001 ABS40611
008 090401t1989 xxu||||| |||| 00| 0 eng d
035 _a(Sirsi) u25010
041 _aeng
100 _aFerguson, A.
245 _aHousing`s flawed foundation
260 _c1989
350 _a0
490 _aManagement Today
_vApril 1989, 60-68(8)
520 _aAssesses the effects of the Housing Act 1988 on council housing looking at the problems in the old system, how the new system can rectify these, the new role for housing associations and private sector investment potential.
690 _aBlock management
_96220
942 _n0
948 _c04/03/1997
999 _c16775
_d16775